Detalles MARC
| 000 -CABECERA |
| campo de control de longitud fija |
01427nam a22003617a 4500 |
| 003 - IDENTIFICADOR DEL NÚMERO DE CONTROL |
| campo de control |
OSt |
| 005 - FECHA Y HORA DE LA ÚLTIMA TRANSACCIÓN |
| campo de control |
20240305122324.0 |
| 007 - CAMPO FIJO DE DESCRIPCIÓN FÍSICA--INFORMACIÓN GENERAL |
| campo de control de longitud fija |
ta |
| 008 - DATOS DE LONGITUD FIJA--INFORMACIÓN GENERAL |
| campo de control de longitud fija |
201216e2019 dr a|||eri||| 001 pdspa d |
| 020 ## - NÚMERO INTERNACIONAL ESTÁNDAR DEL LIBRO |
| Número Internacional Estándar del Libro |
0789945806694 |
| 040 ## - FUENTE DE LA CATALOGACIÓN |
| Centro catalogador/agencia de origen |
DO-SdBNP |
| Lengua de catalogación |
spa |
| Centro/agencia transcriptor |
BNPHU |
| 041 ## - CÓDIGO DE LENGUA |
| Código de lengua original |
spa |
| 082 ## - NÚMERO DE LA CLASIFICACIÓN DECIMAL DEWEY |
| Número de clasificación |
BNPHU- xxx |
| Número de documento/Ítem |
A174 a |
| 100 ## - ENTRADA PRINCIPAL--NOMBRE DE PERSONA |
| Nombre de persona |
Acevedo , Domingo . |
| 9 (RLIN) |
24357 |
| 245 ## - MENCIÓN DE TÍTULO |
| Título |
Antología del asombro / |
| Mención de responsabilidad, etc. |
Alfonso Torres Ulloa , prólogo ;Wilfredo Velásquez Gómez , dibujos ; Lorenzo García y Delfin Tavárez , diagramación . |
| 260 ## - PUBLICACIÓN, DISTRIBUCIÓN, ETC. |
| Lugar de publicación, distribución, etc. |
Santo Domingo : |
| Nombre del editor, distribuidor, etc. |
Pernart Gráficos , |
| Fecha de publicación, distribución, etc. |
2019 |
| 300 ## - DESCRIPCIÓN FÍSICA |
| Extensión |
123 pg. |
| Otras características físicas |
il. ; |
| Dimensiones |
21 cm |
| 505 0# - NOTA DE CONTENIDO CON FORMATO |
| Nota de contenido con formato |
Prólogo.- |
| 505 0# - NOTA DE CONTENIDO CON FORMATO |
| Nota de contenido con formato |
Agradecimiento.- |
| 505 0# - NOTA DE CONTENIDO CON FORMATO |
| Nota de contenido con formato |
Capítulo I : |
| Título |
Derrota ancestral.- |
| 505 0# - NOTA DE CONTENIDO CON FORMATO |
| Nota de contenido con formato |
Capítulo II : |
| Título |
Un siglo de ausencia |
| 505 0# - NOTA DE CONTENIDO CON FORMATO |
| Nota de contenido con formato |
Capítulo III : |
| Título |
Hijos póstumos del Roció.- |
| 505 0# - NOTA DE CONTENIDO CON FORMATO |
| Nota de contenido con formato |
Capítulo IV : |
| Título |
El sonido lapidario de la sangre.- |
| 505 0# - NOTA DE CONTENIDO CON FORMATO |
| Nota de contenido con formato |
Capítulo VI : |
| Título |
Metamorfosis del asombro.- |
| 505 0# - NOTA DE CONTENIDO CON FORMATO |
| Nota de contenido con formato |
Capítulo VII |
| Título |
Pergaminos de lágrimas.- |
| 505 0# - NOTA DE CONTENIDO CON FORMATO |
| Nota de contenido con formato |
Capítulo VIII : |
| Título |
Luna de papel.- (algunos intentos de haikus).- |
| 505 0# - NOTA DE CONTENIDO CON FORMATO |
| Nota de contenido con formato |
Capítulo XI : |
| Título |
Bajo el gran árbol de la noche. |
| 700 1# - PUNTO DE ACCESO ADICIONAL--NOMBRE DE PERSONA |
| Nombre de persona |
Torres Ulloa, Alfonso |
| Término indicativo de función/relación |
prólogo . |
| 9 (RLIN) |
58620 |
| 700 ## - PUNTO DE ACCESO ADICIONAL--NOMBRE DE PERSONA |
| Nombre de persona |
Velásquez Gómez , Wilfredo , |
| Término indicativo de función/relación |
dibujos . |
| 9 (RLIN) |
77608 |
| 700 ## - PUNTO DE ACCESO ADICIONAL--NOMBRE DE PERSONA |
| Nombre de persona |
García , Lorenzo , |
| Término indicativo de función/relación |
diagramación . |
| 9 (RLIN) |
77609 |
| 700 ## - PUNTO DE ACCESO ADICIONAL--NOMBRE DE PERSONA |
| Nombre de persona |
Delfin Tavárez , |
| Término indicativo de función/relación |
diagramación . |
| 9 (RLIN) |
77610 |
| 942 ## - ELEMENTOS DE PUNTO DE ACCESO ADICIONAL (KOHA) |
| Fuente del sistema de clasificación o colocación |
Dewey Decimal Classification |
| Tipo de ítem Koha |
Libro |